000 00263nam a22001217a 4500
008 170427b xxu||||| |||| 00| 0 eng d
041 _aeng
080 _a050
100 _a13
101 _aSHJ
245 _aAMERICAN-JURISPRUDENCE
_cBOUNDS, G.L
942 _2udc
_cBK
999 _c12280
_d12280